000 00983nam a2200289 c 4500
003 BLK
005 20180422115501.0
008 180411b bul|||||r ||||||| ||bul||
010 _aKNG00195542000
040 _aBLK
041 _aBUL
_cBUL
080 _aБългарска литература
_b821.163.2
_x-32
_z821.163.2-32
100 1 _aНиколова, Снежина
_eпърви автор
_9376467
139 _aНиколова, Снежина
_bН 75
245 1 0 _aСвободна валенция нежност
_bНовели
_cСнежина Николова.
257 _aBGR
260 Пловдив
_bХристо Г. Данов
_c1990
_fВраца : В. Александров
300 _a144 с.
_c20 см
380 _aX
500 _a11 057 тир.
653 _aновели
852 _aЦб 163748
856 4 _qpdf
_u
856 4 _qpdf
_u
942 _cKNG
_n0
944 _aCR
_c09.11.2016
_kЕлица_Владова
944 _aED
_c09.11.2016
_kЕлица_Владова
999 _c186547
_d186547